| 000 | 01111cam a22002895i 4500 | ||
|---|---|---|---|
| 999 |
_c7810 _d7810 |
||
| 003 | EG-ScBUE | ||
| 005 | 20200119134310.0 | ||
| 008 | 121202s1977 ua g b 001 p ara d | ||
| 017 | _a1977 / 4873 | ||
| 020 | _a977201397 | ||
| 040 |
_aEG-ScBUE _bara _erda _cEG-ScBUE _dEG-ScBUE |
||
| 082 | 0 | 4 |
_a892.715 _bأ ب و _222 |
| 100 | 1 |
_aأبو الوفا، محمود، _d1900-1979، _eمؤلف. |
|
| 245 | 1 | 0 |
_aمحمود أبو الوفا : _bدواوين شعره ودراسات بأقلام معاصريه. |
| 264 | 1 |
_aالقاهرة : _bالهيئة المصرية للكتاب، _c1977. |
|
| 300 |
_a566 صفحة ؛ _c24 سم |
||
| 336 |
_aنص _btxt _2rdacontent |
||
| 337 |
_aبدون وسيط _bn _2rdamedia |
||
| 338 |
_aمجلد _bnc _2rdacarrier |
||
| 504 | _aيشتمل على إرجاعات ببليوجرافية. | ||
| 600 | 1 | 7 |
_aأبو الوفا، محمود، _d1900-1979. |
| 650 | 7 |
_aالشعر العربي _xدواوين وقصائد. _2BUEsh |
|
| 650 | 7 |
_aالشعر العربي _xتاريخ _xالعصر الحديث. _2BUEsh |
|
| 651 | _2BUEsh | ||
| 653 |
_bARALIT _bGGEN |
||
| 942 |
_cBB _2ddc |
||